R U Next? (ILLIT) - Qui a débuté ? - Statistiques

Statistiques générales
  • Ce quiz a été pris 20 fois
    8 depuis la dernière actualisation
  • Le résultat moyen est 8 sur 10
Statistiques - réponses
Groupes Participantes % Correct
ILLIT Iroha
100%
ILLIT Minju
100%
ILLIT Moka
100%
ALL DAY PROJECT Youngseo
100%
ILLIT Yunah
100%
Fifty Fifty Chanelle
83%
izna Jeemin
83%
ILLIT Wonhee
83%
Fifty Fifty Yewon
33%
MYERA Himena
17%
Aucun quiz correspondant
Distribution des résultats
% des personnes avec chaque résultat
Percentile par nombre de réponses
Votre historique - résultats
Vous n’avez pas pris ce quiz depuis la dernière actualisation